Nghiên cứu hoàn thiện quy trình nhân giống In Vitro cây ba kích ( Morinda oficinalí How).
Tổng quan tài liệu. Đối tượng, địa điểm và phương pháp nghiên cứu. Kết quả và biện luận
Αποθηκεύτηκε σε:
| Κύριος συγγραφέας: | |
|---|---|
| Άλλοι συγγραφείς: | |
| Μορφή: | Βιβλίο |
| Γλώσσα: | Vietnamese |
| Έκδοση: |
Đại học Đà Nẵng
Trường đại học Sư Phạm
2010
|
| Σειρά: | Khóa luận tốt nghiệp Đại học. Chuyên ngành: Cử nhân Sinh môi trường
|
| Θέματα: | |
| Ετικέτες: |
Προσθήκη ετικέτας
Δεν υπάρχουν, Καταχωρήστε ετικέτα πρώτοι!
|
| Thư viện lưu trữ: | Mạng thư viện Đại học Đà Nẵng |
|---|
| LEADER | 01291nam a2200325 4500 | ||
|---|---|---|---|
| 001 | 000011442 | ||
| 003 | 7689 | ||
| 005 | 20120204100254.0 | ||
| 008 | 120204s2010 viesd | ||
| 041 | |a vie | ||
| 072 | |a Khóa luận tốt nghiệp | ||
| 082 | |a 633.88 |b HO-T | ||
| 100 | |a Hoàng, Thị Yến Thu | ||
| 245 | |a Nghiên cứu hoàn thiện quy trình nhân giống In Vitro cây ba kích ( Morinda oficinalí How). |c Hoàng, Thị Yến Thu | ||
| 260 | |a Đại học Đà Nẵng |b Trường đại học Sư Phạm |c 2010 | ||
| 300 | |a 43 tr. |b biểu đồ + hình mhọa |c 29 cm | ||
| 490 | |a Khóa luận tốt nghiệp Đại học. Chuyên ngành: Cử nhân Sinh môi trường | ||
| 500 | |a Tham khảo + phụ lục hình ảnh mhọa [10 tr.] | ||
| 520 | |a Tổng quan tài liệu. Đối tượng, địa điểm và phương pháp nghiên cứu. Kết quả và biện luận | ||
| 653 | |a Khóa luận tốt nghiệp đại học | ||
| 653 | |a Khoa Sinh - Môi Trường | ||
| 700 | |a Võ, Châu Tuấn |c Th.S |e Hướng dẫn | ||
| OWN | |a LSP | ||
| 999 | |a From the UDN01 | ||
| TYP | |a Monograph | ||
| TYP | |a Printed language | ||
| 980 | |a Mạng thư viện Đại học Đà Nẵng | ||